A sociological study of the quality of interaction between Muslim and non Muslim students at IIUM /
محفوظ في:
| المؤلف الرئيسي: | |
|---|---|
| التنسيق: | أطروحة |
| اللغة: | English |
| منشور في: |
Gombak, Selangor :
Kulliyyah of Islamic ReveaIed Knowledge and Human Sciences, International Islamic University Malaysia,
2006
|
| الموضوعات: | |
| الوصول للمادة أونلاين: | Click here to view 1st 24 pages of the thesis. Members can view fulltext at the specified PCs in the library. |
| الوسوم: |
إضافة وسم
لا توجد وسوم, كن أول من يضع وسما على هذه التسجيلة!
|
| LEADER | 023060000a22003850004500 | ||
|---|---|---|---|
| 001 | 374896 | ||
| 005 | 20100505153600.0 | ||
| 008 | 070823s2006 my g 000 0 eng d | ||
| 035 | |a (Sirsi) 374896 | ||
| 040 | |a UIAM |b eng | ||
| 043 | |a a-my-- | ||
| 049 | |b m | ||
| 050 | 0 | 0 | |a HM1111 |
| 100 | 1 | |a Abdul-Mumin Abdulai | |
| 245 | 1 | 2 | |a A sociological study of the quality of interaction between Muslim and non Muslim students at IIUM / |c by Abdul-Mumin Abdulai |
| 260 | |a Gombak, Selangor : |b Kulliyyah of Islamic ReveaIed Knowledge and Human Sciences, International Islamic University Malaysia, |c 2006 | ||
| 300 | |a xii, 83 leaves ; |c 30 cm. | ||
| 500 | |a 'A dissertation submitted in partial fulfilment of the requirement for the degree of Master of Human Sciences in Sociology and Anthropology'--On t.p. | ||
| 502 | |a Thesis (MHSc.) --International Islamic University Malaysia, 2006. | ||
| 504 | |a Includes bibliographical references (leaves 73 - 75). | ||
| 506 | |a Access for fulltext of thesis is provided through digital format. | ||
| 530 | |a Also available on 4 3/4 in. computer optical disc. | ||
| 596 | |a 1 | ||
| 650 | 0 | |a Social interaction |x Islamic countries | |
| 650 | 0 | |a Interpersonal relations | |
| 655 | 0 | 7 | |a Theses, IIUM local |
| 690 | 0 | |a Dissertations, Academic |x Kulliyyah of Islamic Revealed Knowledge and Human Sciences |z IIUM | |
| 710 | 2 | |a International Islamic University Malaysia. |b Kulliyyah of Islamic Revealed Knowledge and Human Sciences | |
| 730 | 2 | 2 | |a A sociological study of the quality of interaction between Muslim and non-Muslim students at IIUM |h [electronic resource] |
| 856 | 4 | |u http://studentrepo.iium.edu.my/handle/123456789/6168 |z Click here to view 1st 24 pages of the thesis. Members can view fulltext at the specified PCs in the library. | |
| 900 | |a hj-nmh-hm | ||
| 999 | |c 432657 |d 466952 | ||
| 952 | |0 0 |6 LU T HM1111 A1354S 2006 |7 0 |8 THESES |9 755430 |a IIUM |b IIUM |c CLOSEACCES |g 0.00 |o lu t HM1111 A1354S 2006 |p 00001090172 |r 2017-10-25 |t 1 |v 0.00 |y THESIS | ||
| 952 | |0 0 |6 T HM1111 A1354S 2006 |7 0 |8 THESES |9 755833 |a IIUM |b IIUM |c MULTIMEDIA |g 0.00 |o t HM1111 A1354S 2006 |p 00011274747 |r 2017-10-19 |t 2 |v 0.00 |y THESIS | ||
| 952 | |0 0 |6 TS CDF HM1111A1354S 2006 |7 0 |8 THESES |9 826812 |a IIUM |b IIUM |c MULTIMEDIA |g 0.00 |o ts cdf HM1111A1354S 2006 |p 00010984894 |r 2017-10-27 |t 1 |v 0.00 |y THESISDIG | ||
